000 00416nam a2200157Ia 4500
003 LK-CoDNM
008 010623t1901 xxu||||| |||| 00| 1 eng d
040 _aLK-CoDNM
_dLK-CoDNM
_eLK-CoDNM
041 _aeng
080 _a8 P 19
100 _aFawcett,F.
245 _aMadras Government Museum : Anthropology,Nayars of Malabar
260 _bGovernment Press
_aMadras
_c1901
300 _b140p,pl., 21 cm
942 _cBK
999 _c85133
_d85133